000 00777cam a22002174a 4500
005 20250605164404.0
008 250528s ||||||||||||||||||||||||d
035 _a24730
020 _a9789604182916
040 _aGR-AtMCL
_bgre
_dGR-AtMCL
_eAACR2
245 1 _aΠρογραμματισμός Μικροελεγκτών για Μηχανικούς
260 _c2017
300 _a390
520 _aΠρογραμματισμός Μικροελεγκτών, FPGA και CPLD, Μικροελεγκτές PIC με mikroC, Κυκλώματα FPGA και CPLD με VHDL
700 1 _aΓ. Πατουλίδης
_99526
700 1 _aΝ. Ασημόπουλος
_99527
700 1 _aΣ. Μπουλταδάκης
_99528
942 _cBK
999 _c9589
_d9589